000 00595nam a2200181Ia 4500
008 100917s9999 xx 000 0 und d
082 _b62531
100 _aदेशपांडे स. ह.
245 _aसंघातले दिवस व इतर लेख
260 _bसूपर्ण प्रकाशन
_c1983
300 _a175
365 _b35
520 _aनिबंध
630 _aसंघातले दिवस व इतर लेख
650 _aनिबंध
730 _aसंघातले दिवस व इतर लेख
942 _cBOOK
999 _c667925
_d667922